<?xml version="1.0" encoding="UTF-8"?>
<marc:record xmlns:marc="http://www.loc.gov/MARC21/slim" type="Bibliographic">
   <marc:leader>00000nam a2200000 c 4500</marc:leader>
   <marc:controlfield tag="001">946569134</marc:controlfield>
   <marc:controlfield tag="003">DE-101</marc:controlfield>
   <marc:controlfield tag="005">20171202230101.0</marc:controlfield>
   <marc:controlfield tag="007">tu</marc:controlfield>
   <marc:controlfield tag="008">960116s1986    au ||||| |||| 00||||ger  </marc:controlfield>
   <marc:datafield ind1="7" ind2=" " tag="016">
      <marc:subfield code="2">DE-101</marc:subfield>
      <marc:subfield code="a">946569134</marc:subfield>
   </marc:datafield>
   <marc:datafield ind1=" " ind2=" " tag="020">
      <marc:subfield code="a">9783900438197</marc:subfield>
      <marc:subfield code="c">kart. : S 99.00</marc:subfield>
      <marc:subfield code="9">978-3-900438-19-7</marc:subfield>
   </marc:datafield>
   <marc:datafield ind1=" " ind2=" " tag="020">
      <marc:subfield code="a">3900438196</marc:subfield>
      <marc:subfield code="c">kart. : S 99.00</marc:subfield>
      <marc:subfield code="9">3-900438-19-6</marc:subfield>
   </marc:datafield>
   <marc:datafield ind1=" " ind2=" " tag="035">
      <marc:subfield code="a">(DE-599)DNB946569134</marc:subfield>
   </marc:datafield>
   <marc:datafield ind1=" " ind2=" " tag="035">
      <marc:subfield code="a">(OCoLC)231115335</marc:subfield>
   </marc:datafield>
   <marc:datafield ind1=" " ind2=" " tag="040">
      <marc:subfield code="a">1140</marc:subfield>
      <marc:subfield code="b">ger</marc:subfield>
      <marc:subfield code="c">DE-101</marc:subfield>
      <marc:subfield code="d">9999</marc:subfield>
   </marc:datafield>
   <marc:datafield ind1=" " ind2=" " tag="041">
      <marc:subfield code="a">ger</marc:subfield>
   </marc:datafield>
   <marc:datafield ind1=" " ind2=" " tag="044">
      <marc:subfield code="c">XA-AT</marc:subfield>
   </marc:datafield>
   <marc:datafield ind1=" " ind2=" " tag="084">
      <marc:subfield code="a">02</marc:subfield>
      <marc:subfield code="a">03</marc:subfield>
      <marc:subfield code="a">020</marc:subfield>
      <marc:subfield code="a">070</marc:subfield>
      <marc:subfield code="a">090</marc:subfield>
      <marc:subfield code="q">DE-101</marc:subfield>
      <marc:subfield code="2">sdnb</marc:subfield>
   </marc:datafield>
   <marc:datafield ind1="0" ind2="0" tag="245">
      <marc:subfield code="a">Karl Heinz Burmeister, Verzeichnis der Veröffentlichungen</marc:subfield>
      <marc:subfield code="b">1959 - 1986</marc:subfield>
      <marc:subfield code="c">Alois Niederstätter (Hrsg.)</marc:subfield>
   </marc:datafield>
   <marc:datafield ind1=" " ind2="1" tag="264">
      <marc:subfield code="a">Bregenz</marc:subfield>
      <marc:subfield code="b">Fink</marc:subfield>
      <marc:subfield code="c">1986</marc:subfield>
   </marc:datafield>
   <marc:datafield ind1=" " ind2=" " tag="300">
      <marc:subfield code="a">84 S.</marc:subfield>
      <marc:subfield code="c">21 cm</marc:subfield>
   </marc:datafield>
   <marc:datafield ind1=" " ind2=" " tag="336">
      <marc:subfield code="a">Text</marc:subfield>
      <marc:subfield code="b">txt</marc:subfield>
      <marc:subfield code="2">rdacontent</marc:subfield>
   </marc:datafield>
   <marc:datafield ind1=" " ind2=" " tag="337">
      <marc:subfield code="a">ohne Hilfsmittel zu benutzen</marc:subfield>
      <marc:subfield code="b">n</marc:subfield>
      <marc:subfield code="2">rdamedia</marc:subfield>
   </marc:datafield>
   <marc:datafield ind1=" " ind2=" " tag="338">
      <marc:subfield code="a">Band</marc:subfield>
      <marc:subfield code="b">nc</marc:subfield>
      <marc:subfield code="2">rdacarrier</marc:subfield>
   </marc:datafield>
   <marc:datafield ind1="1" ind2=" " tag="490">
      <marc:subfield code="a">Schriften des Vorarlberger Landesarchivs</marc:subfield>
      <marc:subfield code="v">Nr. 2</marc:subfield>
   </marc:datafield>
   <marc:datafield ind1="1" ind2=" " tag="700">
      <marc:subfield code="0">(DE-588)12382365X</marc:subfield>
      <marc:subfield code="0">http://d-nb.info/gnd/12382365X</marc:subfield>
      <marc:subfield code="0">(DE-101)12382365X</marc:subfield>
      <marc:subfield code="a">Niederstätter, Alois</marc:subfield>
      <marc:subfield code="d">1955-</marc:subfield>
      <marc:subfield code="e">Herausgeber</marc:subfield>
      <marc:subfield code="4">edt</marc:subfield>
   </marc:datafield>
   <marc:datafield ind1="2" ind2=" " tag="810">
      <marc:subfield code="a">Vorarlberger Landesarchiv</marc:subfield>
      <marc:subfield code="4">aut</marc:subfield>
      <marc:subfield code="t">Schriften des Vorarlberger Landesarchivs</marc:subfield>
      <marc:subfield code="v">Nr. 2</marc:subfield>
      <marc:subfield code="w">(DE-101)980096200</marc:subfield>
      <marc:subfield code="w">(DE-600)2238774-2</marc:subfield>
      <marc:subfield code="9">12</marc:subfield>
      <marc:subfield code="7">as</marc:subfield>
   </marc:datafield>
   <marc:datafield ind1=" " ind2=" " tag="850">
      <marc:subfield code="a">DE-101a</marc:subfield>
   </marc:datafield>
</marc:record>
